Информационно-аналитическое сопровождение послевузовского инженерного образования; Инженерное образование; № 3
| Parent link: | Инженерное образование: электронный научный журнал/ Ассоциация инженерного образования России (АИОР).— : [Б. и.], 2003-.— 1810-2883 № 3.— 2005.— [С. 180-185] |
|---|---|
| Автор: | |
| Інші автори: | , |
| Резюме: | Заглавие с титульного листа In the article the problems of creation of a system of informational - analytical tracking of the post-graduate students of engineering high schools are reviewed. The technique of maintenance of successful scientific - creative contacts between the scientific chiefs and post-graduate students is offered. The efficiency of informational - analytical systems of maintenance of engineering education is studied. The application of informational - analytical systems at engineering and naturallyscientific universities is recommended. |
| Мова: | Російська |
| Опубліковано: |
2005
|
| Серія: | Качество образовательных программ и образовательных технологий |
| Предмети: | |
| Онлайн доступ: | https://old.aeer.ru/files/io/m3/art_26.pdf |
| Формат: | Електронний ресурс Частина з книги |
| KOHA link: | https://koha.lib.tpu.ru/cgi-bin/koha/opac-detail.pl?biblionumber=506601 |
MARC
| LEADER | 00000naa2a2200000 4500 | ||
|---|---|---|---|
| 001 | 506601 | ||
| 005 | 20250520134648.0 | ||
| 035 | |a (RuTPU)RU\TPU\prd\177671 | ||
| 035 | |a RU\TPU\prd\177669 | ||
| 090 | |a 506601 | ||
| 100 | |a 20130515d2005 k y0rusy50 ca | ||
| 101 | 0 | |a rus | |
| 102 | |a RU | ||
| 135 | |a drnn ---uucaa | ||
| 181 | 0 | |a i | |
| 182 | 0 | |a b | |
| 200 | 1 | |a Информационно-аналитическое сопровождение послевузовского инженерного образования |b Электронный ресурс |f А. Л. Галиновский, А. Ф. Данилин, В. А. Дуксова | |
| 203 | |a Текст |c электронный | ||
| 215 | |a 1 файл (734 Кб) | ||
| 225 | 1 | |a Качество образовательных программ и образовательных технологий | |
| 230 | |a Электронные текстовые данные (1 файл : 734 Кб) | ||
| 300 | |a Заглавие с титульного листа | ||
| 320 | |a [Библиогр.: с. 185 (4 назв.)] | ||
| 330 | |a In the article the problems of creation of a system of informational - analytical tracking of the post-graduate students of engineering high schools are reviewed. The technique of maintenance of successful scientific - creative contacts between the scientific chiefs and post-graduate students is offered. The efficiency of informational - analytical systems of maintenance of engineering education is studied. The application of informational - analytical systems at engineering and naturallyscientific universities is recommended. | ||
| 337 | |a Adobe Reader | ||
| 461 | 1 | |0 (RuTPU)RU\TPU\prd\176632 |x 1810-2883 |t Инженерное образование |o электронный научный журнал |f Ассоциация инженерного образования России (АИОР) |n [Б. и.] |d 2003- | |
| 463 | 1 | |0 (RuTPU)RU\TPU\prd\177282 |t № 3 |v [С. 180-185] |d 2005 | |
| 610 | 1 | |a послевузовское образование | |
| 610 | 1 | |a инженерное образование | |
| 610 | 1 | |a информационно-аналитическое сопровождение | |
| 610 | 1 | |a аспиранты | |
| 610 | 1 | |a подготовка | |
| 610 | 1 | |a информационно-поисковые системы | |
| 610 | 1 | |a функционирование | |
| 610 | 1 | |a эффективность | |
| 610 | 1 | |a оценка эффективности | |
| 610 | 1 | |a создание | |
| 610 | 1 | |a контакты | |
| 610 | 1 | |a электронный ресурс | |
| 700 | 1 | |a Галиновский |b А. Л. |g Андрей Леонидович | |
| 701 | 1 | |a Данилин |b А. Ф. |g Анатолий Федорович | |
| 701 | 1 | |a Дуксова |b В. А. |g Валентина Алексеевна | |
| 801 | 1 | |a RU |b 63413507 |c 20090623 |g PSBO | |
| 801 | 2 | |a RU |b 63413507 |c 20130515 |g PSBO | |
| 856 | 4 | |u https://old.aeer.ru/files/io/m3/art_26.pdf | |
| 942 | |c BK | ||